Оптимизация числа точек ввода химических реагентов по контуру движения пластовой воды; Нефтяное хозяйство; № 2

Dades bibliogràfiques
Parent link:Нефтяное хозяйство: научно-технический производственный журнал.— , 1925-1940, 1946-.— 0028-2448
№ 2.— 2003.— С. 69-70
Autor principal: Гарифуллин Ф. С.
Idioma:rus
Publicat: 2003
Col·lecció:Транспорт и подготовка нефти
Matèries:
Format: MixedMaterials Capítol de llibre
KOHA link:https://koha.lib.tpu.ru/cgi-bin/koha/opac-detail.pl?biblionumber=385525

MARC

LEADER 00000naa2a2200000 4500
001 385525
005 20231101063357.0
035 |a (RuTPU)RU\TPU\prd\13416 
090 |a 385525 
100 |a 20030507a2003 k y0rusy50 ca 
101 0 |a rus 
102 |a RU 
200 1 |a Оптимизация числа точек ввода химических реагентов по контуру движения пластовой воды  |f Ф. С. Гарифуллин 
225 1 |a Транспорт и подготовка нефти 
461 1 |0 (RuTPU)RU\TPU\prd\1638  |x 0028-2448  |t Нефтяное хозяйство  |o научно-технический производственный журнал  |d 1925-1940, 1946- 
463 1 |0 (RuTPU)RU\TPU\prd\13358  |t № 2  |v С. 69-70  |d 2003 
610 1 |a химические реагенты 
610 1 |a пластовая вода 
610 1 |a оптимизация 
610 1 |a точки ввода 
675 |a 622.276.8  |v 3 
700 1 |a Гарифуллин  |b Ф. С. 
801 1 |a RU  |b 63413507  |c 20030507  |g PSBO 
801 2 |a RU  |b 63413507  |c 20131025  |g RCR 
942 |c BK